Bandiere casuali °2 - Statistics

Statistiche generali
  • Questo quiz è stato fatto 64 volte
  • Il punteggio medio è 14 su 16
Statistiche sulle risposte
con Immagini Risposta % Corretto
Arabia saudita
96%
India
96%
Cuba
94%
Giamaica
94%
Liechtenstein
94%
Perù
94%
Serbia
92%
Sri lanka
92%
Indonesia
90%
Bhutan
88%
Camerun
88%
Palau
87%
Uganda
87%
Lesotho
83%
Timor est
73%
Repubblic democratica del congo
4%
Nessun quiz corrispondente trovato
Distribuzione punteggi
Percentuale di utenti per punteggio
Percentile per numero di risposta
I tuoi punteggi nel tempo
Non hai fatto questo quiz